[Event "Barcelona Sants op 15th"]
[Site "Barcelona"]
[Date "2013.08.23"]
[Round "1"]
[White "Sierra, Miguel"]
[Black "Guerra Mendez, Jose Angel"]
[Result "0-1"]
[WhiteElo "2248"]
[BlackElo "2505"]
[PlyCount "56"]
[EventDate "2013.08.23"]
[EventType "swiss"]
[EventRounds "10"]
[EventCountry "ESP"]
[SourceTitle "EXT 2014"]
[Source "ChessBase"]
[SourceDate "2013.11.20"]
[SourceVersion "1"]
[SourceVersionDate "2013.11.20"]
[SourceQuality "1"]

1. e4 c5 2. Nf3 d6 3. d4 cxd4 4. Nxd4 Nf6 5. Nc3 a6 6. Bc4 e6 7. Bb3 b5 8. Bg5 Be7 9. Qf3 Qc7 10. 0-0-0 0-0 11. Rhe1 b4 12. Nce2 Nbd7 13. Ng3 Nc5 14. Qe2 Bb7 15. Bxf6 Bxf6 16. f4 Bxd4 17. Rxd4 a5 18. e5 d5 19. Nh5 a4 20. Qg4 f5 21. exf6 axb3 22. Kd2 g6 23. axb3 Bc8 24. Re5 Ne4+ 25. Ke3 Qxc2 26. f7+ Rxf7 27. Rexe4 dxe4 28. Qh4 Qxb3+ 0-1

[Event "Callao op"]
[Site "Callao"]
[Date "2007.08.13"]
[Round "8"]
[White "Calcina Amezquita, Gari"]
[Black "Sierra, Miguel"]
[Result "1-0"]
[WhiteElo "2126"]
[BlackElo "2248"]
[PlyCount "58"]
[EventDate "2007.08.08"]
[EventType "swiss"]
[EventRounds "9"]
[EventCountry "PER"]
[SourceTitle "CBM 119 Extra"]
[Source "ChessBase"]
[SourceDate "2007.09.04"]
[SourceVersion "1"]
[SourceVersionDate "2007.09.04"]
[SourceQuality "1"]

1. e4 e6 2. d4 d5 3. exd5 exd5 4. c3 Bd6 5. Nf3 Ne7 6. Bd3 0-0 7. 0-0 h6 8. Re1 Bg4 9. Nbd2 Nbc6 10. Nf1 Qd7 11. Ng3 Rae8 12. h3 Be6 13. Nh5 f6 14. Bxh6 gxh6 15. Qd2 Nf5 16. g4 Ng7 17. Qxh6 Nxh5 18. Qxh5 Qg7 19. Rxe6 Rxe6 20. Qxd5 Qf7 21. Bc4 Nd8 22. Qf5 Rfe8 23. Kg2 Kf8 24. Re1 Qe7 25. Ng5 Rxe1 26. Qg6 Ne6 27. Nh7+ Qxh7 28. Qxh7 Re7 29. Qh8+ Kf7 1-0

[Event "Callao op"]
[Site "Callao"]
[Date "2007.08.12"]
[Round "6"]
[White "Granda Zuniga, Julio E"]
[Black "Sierra, Miguel"]
[Result "1-0"]
[WhiteElo "2621"]
[BlackElo "2248"]
[PlyCount "109"]
[EventDate "2007.08.08"]
[EventType "swiss"]
[EventRounds "9"]
[EventCountry "PER"]
[SourceTitle "CBM 119 Extra"]
[Source "ChessBase"]
[SourceDate "2007.09.04"]
[SourceVersion "1"]
[SourceVersionDate "2007.09.04"]
[SourceQuality "1"]

1. Nf3 d6 2. d4 Bg4 3. e4 Nd7 4. h3 Bxf3 5. Qxf3 g6 6. Bc4 e6 7. 0-0 Bg7 8. c3 Ne7 9. Be3 0-0 10. Nd2 e5 11. Rfd1 Kh8 12. Qe2 f5 13. Bg5 h6 14. Bh4 Qe8 15. dxe5 Nxe5 16. Bxe7 Qxe7 17. exf5 Rxf5 18. g3 Re8 19. Bd5 Nf3+ 20. Qxf3 Rxf3 21. Nxf3 c6 22. Re1 Qd7 23. Rxe8+ Qxe8 24. Re1 Be5 25. Bb3 g5 26. Kg2 Qe7 27. Re3 Qf6 28. Nh2 h5 29. Rf3 Qg6 30. Bf7 Qh6 31. Nf1 g4 32. hxg4 hxg4 33. Re3 Qh7 34. Bc4 Qc2 35. Re2 Qf5 36. Re3 Qc2 37. Re2 Qf5 38. Kg1 b5 39. Bb3 Qd3 40. Rd2 Qe4 41. Bc2 Qe1 42. Bf5 Qa1 43. a3 d5 44. Re2 Bxc3 45. bxc3 Qxa3 46. Ne3 Qxc3 47. Nxg4 Qf3 48. Re8+ Kg7 49. Re7+ Kf8 50. Rf7+ Kxf7 51. Ne5+ Kf6 52. Nxf3 Kxf5 53. Nd4+ Ke4 54. Nxc6 Kd3 55. g4 1-0

[Event "Callao op"]
[Site "Callao"]
[Date "2007.08.12"]
[Round "7"]
[White "Sierra, Miguel"]
[Black "Contreras, Jose"]
[Result "1/2-1/2"]
[WhiteElo "2248"]
[BlackElo "2201"]
[PlyCount "68"]
[EventDate "2007.08.08"]
[EventType "swiss"]
[EventRounds "9"]
[EventCountry "PER"]
[SourceTitle "CBM 119 Extra"]
[Source "ChessBase"]
[SourceDate "2007.09.04"]
[SourceVersion "1"]
[SourceVersionDate "2007.09.04"]
[SourceQuality "1"]

1. e4 c5 2. Nf3 d6 3. d4 cxd4 4. Nxd4 Nf6 5. Nc3 a6 6. g3 e5 7. Nde2 Be7 8. Bg2 0-0 9. 0-0 Nbd7 10. h3 b5 11. a3 Bb7 12. Be3 Nc5 13. Bxc5 dxc5 14. f4 Bd6 15. Qd2 Qc7 16. Nd5 Bxd5 17. exd5 Rae8 18. Rae1 Re7 19. b3 Rfe8 20. c4 bxc4 21. bxc4 exf4 22. Nxf4 Rxe1 23. Rxe1 Rxe1+ 24. Qxe1 Bxf4 25. gxf4 Qxf4 26. Qe7 Qd4+ 27. Kh1 g6 28. d6 Kg7 29. Bd5 Nxd5 30. cxd5 Qxd5+ 31. Kh2 Qa2+ 32. Kg1 Qa1+ 33. Kg2 Qb2+ 34. Kh1 Qa1+ 1/2-1/2

[Event "Lima op"]
[Site "Lima"]
[Date "2005.03.20"]
[Round "3"]
[White "Llanos Lopez, Walter"]
[Black "Sierra, Miguel"]
[Result "0-1"]
[WhiteElo "2163"]
[BlackElo "2256"]
[PlyCount "38"]
[EventDate "2005.03.18"]
[EventType "swiss"]
[EventRounds "9"]
[EventCountry "PER"]
[SourceTitle "EXT 2006"]
[Source "ChessBase"]
[SourceDate "2005.11.24"]
[SourceVersion "1"]
[SourceVersionDate "2005.11.24"]
[SourceQuality "1"]

1. c4 e5 2. Nc3 Nf6 3. g3 Bc5 4. Bg2 0-0 5. d3 h6 6. Nf3 Nc6 7. Nd5 d6 8. Bd2 Nxd5 9. cxd5 Ne7 10. e4 c6 11. b4 Bb6 12. dxc6 bxc6 13. a4 Ba6 14. a5 Bc7 15. Qb3 Rb8 16. Rb1 Bxa5 17. Qa2 Bxd3 18. Rc1 Bxb4 19. Bxb4 Rxb4 0-1

[Event "Lima olympic qual"]
[Site "Lima"]
[Date "2004.??.??"]
[Round "?"]
[White "Cornejo, Max"]
[Black "Sierra, Miguel"]
[Result "1-0"]
[WhiteElo "2174"]
[BlackElo "2260"]
[PlyCount "117"]
[EventDate "2004.??.??"]
[EventType "tourn"]
[EventRounds "8"]
[EventCountry "PER"]
[SourceTitle "EXT 2007"]
[Source "ChessBase"]
[SourceDate "2006.11.23"]
[SourceVersion "1"]
[SourceVersionDate "2006.11.23"]
[SourceQuality "1"]

1. e4 e5 2. Nf3 d6 3. d4 Nd7 4. Nc3 c6 5. Be2 Ngf6 6. a4 Qc7 7. 0-0 Be7 8. h3 0-0 9. dxe5 dxe5 10. Bg5 Nc5 11. Bxf6 Bxf6 12. Bc4 a5 13. Qe2 Ne6 14. Bxe6 Bxe6 15. Nd1 Be7 16. Ne3 f6 17. Ne1 Bc5 18. Nd3 Ba7 19. b3 Bd4 20. Rac1 Rfe8 21. Ne1 Qb6 22. Nc4 Qa6 23. Nf3 Bc5 24. Rfe1 b5 25. Nb2 Qb6 26. Nd3 Bf8 27. Nd2 bxa4 28. bxa4 Qd4 29. Ra1 Reb8 30. Nf3 Qc3 31. Qd2 Qc4 32. Qe2 Rb6 33. Rec1 g6 34. Qe3 Rab8 35. g4 g5 36. Kh2 Bf7 37. h4 h6 38. hxg5 hxg5 39. Kg3 Bg6 40. Nd2 Qc3 41. Nb3 Rb4 42. Nxb4 Qxb4 43. f3 Ra8 44. Qd2 Qb8 45. Rab1 Qc7 46. Rd1 Be8 47. Qd3 Kg7 48. Qc3 Bb4 49. Qe3 Qe7 50. c3 Ba3 51. Qb6 Qa7 52. Qxa7+ Rxa7 53. Nd2 Bf7 54. Nf1 Bc5 55. Kg2 Ba2 56. Rb8 Be6 57. Ng3 Be7 58. Nf5+ Bxf5 59. gxf5 1-0

[Event "PER Grand Prix 1st"]
[Site "Lima"]
[Date "2004.??.??"]
[Round "5"]
[White "Sierra, Miguel"]
[Black "Barreto Carreno, Carlos"]
[Result "1-0"]
[WhiteElo "2300"]
[BlackElo "2172"]
[PlyCount "85"]
[EventDate "2004.04.12"]
[EventType "swiss"]
[EventRounds "9"]
[EventCountry "PER"]
[SourceTitle "EXT 2005"]
[Source "ChessBase"]
[SourceDate "2004.11.15"]
[SourceVersion "1"]
[SourceVersionDate "2004.11.15"]
[SourceQuality "1"]

1. b3 e5 2. Bb2 Nc6 3. c4 Nf6 4. e3 d6 5. d3 g6 6. Nc3 Bg7 7. g3 0-0 8. Bg2 Bf5 9. Nd5 a5 10. a3 Qd7 11. h3 h5 12. Ne2 Ne8 13. Nec3 Rb8 14. b4 axb4 15. axb4 Nd8 16. g4 Be6 17. gxh5 c6 18. Nb6 Qc7 19. Nca4 Nf6 20. hxg6 fxg6 21. d4 Qf7 22. dxe5 Nd5 23. 0-0 Nxb6 24. Nxb6 Bxc4 25. Nxc4 Qxc4 26. Qxd6 Ne6 27. Rfc1 Qb3 28. Qd2 Rbd8 29. Qc2 Qxc2 30. Rxc2 Rd7 31. Be4 Kf7 32. f4 Rh8 33. Kh2 Rhd8 34. Rg2 Rd2 35. Bxg6+ Kf8 36. Rag1 Nc7 37. Rxd2 Rxd2+ 38. Rg2 Rxg2+ 39. Kxg2 Nd5 40. Bd4 Bh6 41. Be4 Kf7 42. Bxd5+ cxd5 43. f5 1-0

[Event "Sao Paulo Itau Cup 7th"]
[Site "Sao Paulo"]
[Date "2003.10.03"]
[Round "7"]
[White "Boim, Inon"]
[Black "Sierra, Miguel"]
[Result "1/2-1/2"]
[WhiteElo "2373"]
[BlackElo "2256"]
[PlyCount "120"]
[EventDate "2003.10.??"]
[EventType "swiss"]
[EventRounds "9"]
[EventCountry "BRA"]
[SourceTitle "CBM 096 Extra"]
[Source "ChessBase"]
[SourceDate "2003.10.22"]
[SourceVersion "2"]
[SourceVersionDate "2003.10.20"]
[SourceQuality "1"]

1. d4 c5 2. d5 b5 3. e4 a6 4. a4 b4 5. Nf3 d6 6. h3 Nf6 7. Bd3 g6 8. 0-0 Bg7 9. Nbd2 a5 10. Qe2 0-0 11. Nc4 Nbd7 12. Bf4 Ba6 13. Rad1 Nb6 14. Nxb6 Qxb6 15. b3 Rfd8 16. Nd2 Bxd3 17. Qxd3 Qa6 18. Nc4 Nd7 19. Bg5 f6 20. Be3 Ne5 21. Qe2 Nxc4 22. Qxc4 Re8 23. Rfe1 e5 24. Qd3 f5 25. Bc1 f4 26. g3 fxg3 27. fxg3 c4 28. Qe2 cxb3 29. cxb3 Qxe2 30. Rxe2 Rac8 31. Bb2 Bh6 32. Rf1 Rf8 33. Rxf8+ Kxf8 34. Kf2 Ke7 35. Ke1 Bg5 36. h4 Bh6 37. g4 Bf4 38. Kd1 Bg3 39. Rc2 Rxc2 40. Kxc2 Bxh4 41. Bc1 h5 42. gxh5 gxh5 43. Kd3 Kf7 44. Ke2 Kg6 45. Be3 Bd8 46. Kf3 Bc7 47. Kg3 Bd8 48. Kh3 Bc7 49. Kh2 Bd8 50. Kg2 Be7 51. Kh3 Bd8 52. Bf2 Kh6 53. Bg3 Kg6 54. Be1 Kh6 55. Bd2+ Bg5 56. Be1 Bd8 57. Bf2 Kg6 58. Be3 Be7 59. Kg3 Bd8 60. Kh3 Bc7 1/2-1/2

[Event "Sao Paulo zt 2.4"]
[Site "Sao Paulo"]
[Date "2003.09.27"]
[Round "9"]
[White "Sierra, Miguel"]
[Black "Milos, Gilberto"]
[Result "1-0"]
[WhiteElo "2256"]
[BlackElo "2592"]
[PlyCount "75"]
[EventDate "2003.09.19"]
[EventType "tourn"]
[EventRounds "9"]
[EventCountry "BRA"]
[EventCategory "9"]
[SourceTitle "CBM 098"]
[Source "ChessBase"]
[SourceDate "2004.02.03"]
[SourceVersion "1"]
[SourceVersionDate "2004.02.03"]
[SourceQuality "1"]

1. e4 c5 2. Nf3 Nc6 3. Bc4 e6 4. Qe2 Nge7 5. Nc3 a6 6. a4 Ng6 7. d3 Be7 8. 0-0 0-0 9. Be3 b6 10. d4 cxd4 11. Nxd4 Nxd4 12. Bxd4 Qc7 13. Bb3 Bb7 14. Rad1 Bc6 15. Qg4 Kh8 16. Qg3 Qxg3 17. hxg3 b5 18. f4 b4 19. Nd5 exd5 20. exd5 Bb7 21. f5 Bd6 22. fxg6 hxg6 23. Rde1 Kg8 24. c4 bxc3 25. bxc3 a5 26. c4 Ba6 27. Rf3 Bb4 28. Rc1 d6 29. c5 dxc5 30. Bxc5 Rfc8 31. Be3 Rxc1+ 32. Bxc1 Re8 33. d6 Bc5+ 34. Kh2 Re5 35. Bxf7+ Kh7 36. g4 Bxd6 37. Bf4 Re3 38. Bxd6 1-0

[Event "Sao Paulo zt 2.4"]
[Site "Sao Paulo"]
[Date "2003.09.24"]
[Round "6"]
[White "Ramos, Ernesto"]
[Black "Sierra, Miguel"]
[Result "1-0"]
[WhiteElo "2277"]
[BlackElo "2256"]
[PlyCount "111"]
[EventDate "2003.09.19"]
[EventType "tourn"]
[EventRounds "9"]
[EventCountry "BRA"]
[EventCategory "9"]
[SourceTitle "CBM 098"]
[Source "ChessBase"]
[SourceDate "2004.02.03"]
[SourceVersion "1"]
[SourceVersionDate "2004.02.03"]
[SourceQuality "1"]

1. d4 c5 2. e3 e6 3. Nf3 Nf6 4. c4 d5 5. Nc3 cxd4 6. exd4 Bb4 7. a3 Bxc3+ 8. bxc3 0-0 9. Be2 Nc6 10. 0-0 Qc7 11. Qc2 b6 12. cxd5 exd5 13. g3 Bg4 14. Bf4 Qc8 15. Rac1 Re8 16. Ne5 Bxe2 17. Qxe2 Nd7 18. Qb5 Ncxe5 19. dxe5 Nxe5 20. Qxd5 Ng6 21. Be3 Qa6 22. Bd4 Qxa3 23. Ra1 Qf8 24. h4 Re6 25. Rfb1 Ne7 26. Qg5 Nc6 27. Be3 Ne5 28. Qf4 Qe8 29. Bd4 Nc6 30. Be3 Re4 31. Qf5 Rd8 32. Rd1 Rxd1+ 33. Rxd1 Qe6 34. Qf3 h6 35. Bf4 Re1+ 36. Kg2 Rxd1 37. Qxd1 b5 38. Qd3 a6 39. Kf3 Ne5+ 40. Bxe5 Qxe5 41. g4 Qh2 42. Qd8+ Kh7 43. Qc8 Qe5 44. h5 a5 45. Kg2 Qe4+ 46. Kg3 b4 47. cxb4 axb4 48. f3 Qd3 49. Qb7 b3 50. g5 hxg5 51. Kg4 f6 52. f4 Qe2+ 53. Kf5 Qc2+ 54. Kg4 b2 55. h6 Kxh6 56. Qh1+ 1-0

[Event "PER-ch Regional Centro"]
[Site "Lima"]
[Date "2002.??.??"]
[Round "9"]
[White "Moreno, William"]
[Black "Sierra, Miguel"]
[Result "1-0"]
[WhiteElo "2085"]
[BlackElo "2290"]
[PlyCount "111"]
[EventDate "2002.03.26"]
[EventType "swiss"]
[EventRounds "9"]
[EventCountry "PER"]
[SourceTitle "EXT 2003"]
[Source "ChessBase"]
[SourceDate "2002.11.25"]
[SourceVersion "1"]
[SourceVersionDate "2002.11.25"]
[SourceQuality "1"]

1. Nf3 c5 2. c4 Nf6 3. Nc3 e6 4. g3 b6 5. Bg2 Bb7 6. 0-0 Be7 7. Re1 0-0 8. e4 d6 9. d4 cxd4 10. Nxd4 Qc8 11. b3 Rd8 12. Bb2 Nbd7 13. Rc1 Bf8 14. h3 a6 15. Kh2 Qc7 16. f4 Rac8 17. Rc2 Qb8 18. Rd2 Qa8 19. Qe2 Nc5 20. f5 e5 21. Nc2 b5 22. b4 Na4 23. Nxa4 bxa4 24. g4 Nd7 25. Red1 Nb6 26. Na3 Be7 27. Bc1 a5 28. Rb2 axb4 29. Rxb4 Qa5 30. Rb5 Qa6 31. Qb2 d5 32. Rxb6 Bxa3 33. Qb1 Qxc4 34. Bxa3 Ba8 35. Rc1 Qe2 36. Rxc8 Rxc8 37. Rb8 Qc4 38. Rxc8+ Qxc8 39. exd5 h5 40. Qc1 Qb7 41. Qc5 hxg4 42. Qf8+ Kh7 43. hxg4 f6 44. Qb4 Qa7 45. Qd2 Qa6 46. d6 Bxg2 47. Kxg2 Qc4 48. Kg3 Qf1 49. Bc5 e4 50. d7 Qf3+ 51. Kh2 Qxg4 52. d8Q Qxf5 53. Q8d5 Qf3 54. Qg2 Qf4+ 55. Qg3 Qd2+ 56. Qxd2 1-0

[Event "Lima 1st qual op"]
[Site "Lima"]
[Date "2002.??.??"]
[Round "8"]
[White "Sierra, Miguel"]
[Black "Cruz Estrada, Filemon"]
[Result "0-1"]
[WhiteElo "2290"]
[BlackElo "2345"]
[PlyCount "63"]
[EventDate "2002.03.01"]
[EventType "swiss"]
[EventRounds "9"]
[EventCountry "PER"]
[SourceTitle "CBM 087 Extra"]
[Source "ChessBase"]
[SourceDate "2002.05.03"]
[SourceVersion "2"]
[SourceVersionDate "2002.08.09"]
[SourceQuality "1"]

1. e4 c5 2. Nf3 d6 3. d4 cxd4 4. Nxd4 Nf6 5. Nc3 g6 6. Be2 Bg7 7. Be3 0-0 8. 0-0 Nc6 9. Nb3 Be6 10. f4 Qc8 11. Kh1 Rd8 12. Bf3 d5 13. exd5 Nb4 14. Bd4 Nfxd5 15. Nxd5 Bxd5 16. c3 Bxf3 17. Qxf3 Nc2 18. Rad1 Nxd4 19. Nxd4 Bxd4 20. Rxd4 Rxd4 21. cxd4 Qd7 22. f5 Qxf5 23. Qxf5 gxf5 24. Rxf5 Rd8 25. d5 e6 26. Rg5+ Kf8 27. Kg1 Rxd5 28. Rg3 Rd1+ 29. Kf2 Rd2+ 30. Kf1 Rxb2 31. a3 b5 32. h4 0-1

[Event "Lima 1st qual op"]
[Site "Lima"]
[Date "2002.??.??"]
[Round "4"]
[White "Sierra, Miguel"]
[Black "Retamozo, Henry"]
[Result "0-1"]
[WhiteElo "2290"]
[BlackElo "2201"]
[PlyCount "70"]
[EventDate "2002.03.01"]
[EventType "swiss"]
[EventRounds "9"]
[EventCountry "PER"]
[SourceTitle "CBM 087 Extra"]
[Source "ChessBase"]
[SourceDate "2002.05.03"]
[SourceVersion "2"]
[SourceVersionDate "2002.08.09"]
[SourceQuality "1"]

1. e4 e5 2. Nf3 Nc6 3. Bb5 Nf6 4. Qe2 Be7 5. 0-0 0-0 6. Bxc6 bxc6 7. Nxe5 Bb7 8. d4 Re8 9. Nd3 Bf8 10. f3 d5 11. e5 Nd7 12. f4 c5 13. c3 cxd4 14. cxd4 c5 15. Be3 Ba6 16. Qd2 Nb6 17. Na3 cxd4 18. Bxd4 Nc4 19. Qd1 Nxa3 20. bxa3 Qa5 21. Rf3 Rac8 22. Rc1 Bxa3 23. Rxc8 Rxc8 24. h3 Rc4 25. Bf2 Bf8 26. f5 Re4 27. f6 g6 28. Bg3 Qxa2 29. Nf4 Be2 30. Nxe2 Rxe2 31. Qf1 d4 32. Kh2 Qc2 33. Bf4 a5 34. Rg3 a4 35. Qf3 Qe4 0-1

[Event "Lima schev"]
[Site "Lima"]
[Date "2000.??.??"]
[Round "?"]
[White "Sierra, Miguel"]
[Black "Cabrera Pino, Alexis"]
[Result "1-0"]
[WhiteElo "2290"]
[BlackElo "2407"]
[PlyCount "57"]
[EventDate "2000.??.??"]
[EventType "schev"]
[EventRounds "10"]
[EventCountry "PER"]
[SourceTitle "EXT 2002"]
[Source "ChessBase"]
[SourceDate "2001.11.25"]
[SourceVersion "1"]
[SourceVersionDate "2001.11.25"]
[SourceQuality "1"]

1. e4 c5 2. Nf3 d6 3. d4 cxd4 4. Nxd4 Nf6 5. Bd3 e5 6. Ne2 d5 7. exd5 Qxd5 8. 0-0 Be6 9. Nbc3 Qd8 10. f4 Bc5+ 11. Kh1 Ng4 12. Ne4 Qh4 13. h3 Nf2+ 14. Rxf2 Bxf2 15. f5 Bd7 16. Kh2 h6 17. g3 Bxg3+ 18. N2xg3 g6 19. Qf1 0-0 20. Be3 b6 21. Qg2 Nc6 22. Bxh6 Qxh6 23. Nf6+ Kg7 24. Nxd7 Rh8 25. fxg6 Nd4 26. Rf1 fxg6 27. Nxe5 Rhf8 28. Qb7+ Kh8 29. Nxg6+ 1-0

[Event "PER-chT"]
[Site "Peru"]
[Date "2000.??.??"]
[Round "?"]
[White "Sierra, Miguel"]
[Black "Saavedra, Carlos"]
[Result "1-0"]
[WhiteElo "2290"]
[BlackElo "2185"]
[PlyCount "65"]
[EventDate "2000.??.??"]
[EventType "team"]
[EventRounds "11"]
[EventCountry "PER"]
[SourceTitle "EXT 2002"]
[Source "ChessBase"]
[SourceDate "2001.11.25"]
[SourceVersion "1"]
[SourceVersionDate "2001.11.25"]
[SourceQuality "1"]

1. e4 d5 2. Nc3 dxe4 3. Nxe4 Nd7 4. Bc4 Ndf6 5. Ng5 e6 6. d4 Bd6 7. f4 Ne7 8. Qe2 0-0 9. N1f3 h6 10. Nh3 c5 11. c3 Nc6 12. dxc5 Bxc5 13. Bd2 a6 14. 0-0-0 b5 15. Bd3 Qb6 16. a3 Bb7 17. Ne5 Rac8 18. Rhe1 b4 19. Nc4 Qc7 20. axb4 Ba7 21. g4 Ne7 22. g5 hxg5 23. fxg5 Nfd5 24. Kb1 Ng6 25. Qh5 Qxh2 26. Rxe6 Rxc4 27. Rxg6 fxg6 28. Bxg6 Nf6 29. gxf6 Rxf6 30. Qh7+ Kf8 31. Qh8+ Ke7 32. Qe8+ Kd6 33. Bf4# 1-0

[Event "PER-ch43"]
[Site "Peru"]
[Date "1995.??.??"]
[Round "1"]
[White "Pacheco Asmat, Jorge"]
[Black "Sierra, Miguel"]
[Result "1-0"]
[WhiteElo "2205"]
[BlackElo "2370"]
[PlyCount "53"]
[EventDate "1995.??.??"]
[EventType "tourn"]
[EventRounds "11"]
[EventCountry "PER"]
[SourceTitle "EXT 1999"]
[Source "ChessBase"]
[SourceDate "1998.11.16"]
[SourceVersion "1"]
[SourceVersionDate "1998.11.16"]
[SourceQuality "1"]

1. d4 f5 2. Nf3 Nf6 3. g3 g6 4. Bg2 Bg7 5. c4 0-0 6. Nc3 d6 7. 0-0 Qe8 8. d5 Na6 9. Rb1 Nc5 10. b4 Nfe4 11. Nb5 Na6 12. Bb2 Bxb2 13. Rxb2 Bd7 14. Qd3 c6 15. dxc6 bxc6 16. Nc3 Rb8 17. Rfb1 Bc8 18. Nd2 Nxd2 19. Qxd2 Be6 20. c5 dxc5 21. Qe3 Bd7 22. bxc5 Rxb2 23. Rxb2 e5 24. Rb7 f4 25. gxf4 exf4 26. Qxe8 Bxe8 27. Ne4 1-0